000 00712cam a22002413a 4500
001 6820
003 PGUSA
005 20140828083137.0
008 041101s2004||||xxu|||||s|||||000 p eng d
040 _aPGUSA
_beng
042 _adc
050 4 _aPT
100 1 _aLessing, Gotthold Ephraim,
_d1729-1781
245 1 0 _aAusgewählte Gedichte
_h[electronic resource] /
_cGotthold Ephraim Lessing
260 _bProject Gutenberg,
_c2004
505 0 _aDer über uns -- Ich -- Lob der Faulheit
506 _aPublic domain in the USA.
516 _aElectronic text
653 _aGerman poetry -- 18th century
830 0 _aProject Gutenberg
_v6820
856 4 0 _uhttp://www.gutenberg.org/ebooks/6820
942 _cEB
999 _c236140
_d236140